Možnosti implementácie SMK ako nástroja na zvyšovanie kvality v službách bakalárska práca

Salvato in:
Dettagli Bibliografici
Autore principale: Guziová, Nikoleta
Ente Autore: Podnikovohospodárska fakulta EU so sídlom v Košiciach. Katedra obchodného podnikania
Altri autori: Jergová, Natália
Natura: Libro
Lingua:slovacco
Pubblicazione: Košice 2015
Tags: Aggiungi Tag
Nessun Tag, puoi essere il primo ad aggiungerne!!

MARC

LEADER 00000nbm a2200000 4500
001 0202362
005 20161212094634.6
041 0 |a slo 
044 |a SK 
245 1 0 |a Možnosti implementácie SMK ako nástroja na zvyšovanie kvality v službách  |b bakalárska práca  |c Nikoleta Guziová ; školiteľ: Natália Jergová 
264 1 |a Košice  |c 2015 
300 |a 59 s. 
100 1 |a Guziová, Nikoleta 
700 1 |a Jergová, Natália 
710 2 |a Podnikovohospodárska fakulta EU so sídlom v Košiciach. Katedra obchodného podnikania